| Registos Bibliográficos associados ao registo de autoridade |
|
Etiqueta de registo: 00000nam 2200025 450 001 2283910 003 http://id.bnportugal.gov.pt/bib/catbnp/2283910 100 ## $a20260408d2025 k y0pory01030103ba 101 0# $apor$deng 102 ## $aPT 105 ## $aa m 000yy 106 ## $ar 200 1# $aEducação de qualidade$econtributos da convivência e mediação em contextos educativos formais$fSílvia Marina Silva Cunha$gorient. Ana Maria Carneiro da Costa e Silva, Juan Carlos Torrego Seijo 210 #9 $a[S.l.$cs.n.],$d2025 215 ## $aXVIII, 513 p.$cil.$d30 cm 328 #1 $aTese dout. Ciências da Educação (Desenvolvimento Curricular), Instituto de Educação,
Universidade do Minho, 2025 675 ## $a37.043(043)$vBN$zpor$31347409 675 ## $a37.06(043)$vBN$zpor$3541920 675 ## $a37.013(043)$vBN$zpor$3754845 700 #1 $aCunha,$bSílvia Marina Silva $31995060 702 #1 $aTorrego,$bJuan Carlos$4727$31186756 702 #1 $aSilva,$bAna Maria Carneiro da Costa e,$f1962-$4727$31009344 801 #0 $aPT$bBN$gRPC 966 ## $lBN$mFGMON$sS.C. 169199 V.$x1 971 ## $ccsilva$d20260408 972 ## $e0$z0$d20260529$vasantos 973 ## $cigoulao$d20260525
|
|
|